[Event "DRUZYNOWE MISTRZOSTWA POLSKI JUNIOROW - II LIGA"]
[Site "Szczyrk, CKiR Orle Gniazdo ul. Wrzosowa 28a"]
[Date "2014-08-01"]
[Round "10.78"]
[White "Humin, Julia"]
[Black "Hryn, Aleksandra"]
[Result "1-0"]
[WhiteTitle "I"]
[BlackTitle "I"]
[WhiteElo "1457"]
[BlackElo "1293"]

1. d4 d5 2. c4 e6 3. Nc3 Nf6 4. cxd5 exd5 5. Bg5 c6 6. Qc2 Be7 7. e3 Nbd7 8. Bd3
O-O 9. Nge2 h6 10. Bh4 Nb6 11. O-O Be6 12. f3 Qd7 13. Rad1 Rac8 14. Bf2 Qc7 15.
a3 Rfd8 16. b4 Nbd7 17. Nf4 Bd6 18. Bg3 Nf8 19. Qd2 Qe7 20. Bc2 Bxf4 21. Bxf4
Ng6 22. Bxg6 fxg6 23. e4 dxe4 24. fxe4 Bg4 25. Rde1 Qd7 26. Be5 Nh7 27. Na4 b6
28. Nb2 c5 29. d5 Re8 30. Bc3 Qd6 31. e5 Qc7 32. b5 c4 33. Qe3 Qc5 34. d6 Qxb5
35. Qd4 Be6 36. Rd1 Red8 37. Qe4 Bf5 38. Rxf5 gxf5 39. Qxf5 Qc5+ 40. Kh1 Qxa3
41. Bd4 c3 42. Qe6+ Kh8 43. d7 Rb8 44. Nc4 Qb4 45. Nd6 Ng5 46. Qf5 Qb3 47. Rc1
Qe6 48. Qxe6 Nxe6 49. Nf7+ Kg8 50. Nxd8 Rxd8 51. Bxc3 Rxd7 52. Bb4 Rd5 53. Bd6
Nc5 54. h3 Ne4 55. Bb8 Rd7 56. Kg1 Nc5 57. Rc3 Rd1+ 58. Kh2 Rd7 59. Re3 a6 60.
Kg3 b5 61. Kf4 Ne6+ 62. Kf5 Nd4+ 63. Kf4 g5+ 64. Kg4 Kh7 65. Bd6 Ne6 66. Rf3 a5
67. Rf6 Nf4 68. g3 Nd5 69. Rf3 b4 70. Rd3 1-0

[Event "DRUZYNOWE MISTRZOSTWA POLSKI JUNIOROW - II LIGA"]
[Site "Szczyrk, CKiR Orle Gniazdo ul. Wrzosowa 28a"]
[Date "2014-08-01"]
[Round "10.79"]
[White "Karpacz, Piotr"]
[Black "Szczecina, Kamil"]
[Result "0-1"]
[WhiteTitle "II+"]
[BlackTitle "I"]
[WhiteElo "1761"]
[BlackElo "1889"]

1. d4 Nf6 2. b3 e6 3. Bb2 d5 4. Nf3 c5 5. e3 Nbd7 6. Bd3 Be7 7. O-O O-O 8. Nbd2
b6 9. Qe2 Bb7 10. Rac1 Ne4 11. c4 Rc8 12. Bb1 Qc7 13. Nxe4 dxe4 14. Nd2 f5 15.
f3 Bd6 16. g3 exf3 17. Nxf3 Nf6 18. Ng5 Rce8 19. e4 h6 20. e5 hxg5 21. exd6 Qxd6
22. d5 exd5 23. Qf3 Ne4 24. cxd5 Qxd5 25. Bxe4 Qxe4 26. Qxe4 Bxe4 27. Rcd1 Rd8
28. Bc1 Rxd1 29. Rxd1 Bb1 30. a3 Bc2 31. Rd7 Rf7 32. Rxf7 Kxf7 33. Bxg5 Bxb3 34.
Kf2 Ke6 35. Ke3 Kd5 36. Kd3 b5 37. Bd2 Bc4+ 38. Kc2 Ke4 39. Kc3 Bf1 40. Bf4 Bh3
41. Bd6 Kd5 42. Bc7 g5 43. Bd8 f4 44. Bxg5 f3 45. Be3 a5 46. Kb3 b4 47. Kb2 c4
48. axb4 axb4 49. Kc2 Bf5+ 50. Kd2 c3+ 51. Ke1 b3 0-1

[Event "DRUZYNOWE MISTRZOSTWA POLSKI JUNIOROW - II LIGA"]
[Site "Szczyrk, CKiR Orle Gniazdo ul. Wrzosowa 28a"]
[Date "2014-08-01"]
[Round "10.82"]
[White "Kulak, Tomasz"]
[Black "Mlynarski, Jedrzej"]
[Result "0-1"]
[WhiteTitle "II"]
[BlackTitle "II"]
[WhiteElo "1299"]
[BlackElo "1455"]

1. e4 e6 2. Qe2 c5 3. Nf3 Nc6 4. g3 a6 5. Bg2 b5 6. O-O d6 7. d3 Qc7 8. c3 Bb7
9. d4 cxd4 10. cxd4 Be7 11. Be3 Nf6 12. Nfd2 O-O 13. f4 Nb4 14. Na3 Rac8 15. Kh1
Qd7 16. Qd1 d5 17. e5 Ne4 18. Nxe4 dxe4 19. Qd2 Bd5 20. b3 Nd3 21. Nc2 Qc7 22.
Ne1 Bb4 23. Qe2 Bxe1 24. Rfxe1 Nxe1 25. Qxe1 Qc3 26. Qxc3 Rxc3 27. Bd2 Rc2 28.
Be3 Rfc8 29. Kg1 R8c3 30. Bf2 Rc1+ 31. Rxc1 Rxc1+ 32. Bf1 Ra1 33. Be3 Rxa2 34.
h3 Bxb3 35. Bg2 Bd5 36. Bf1 b4 37. Bc1 b3 38. g4 b2 39. Bxb2 Rxb2 40. Bxa6 Kf8
0-1

[Event "DRUZYNOWE MISTRZOSTWA POLSKI JUNIOROW - II LIGA"]
[Site "Szczyrk, CKiR Orle Gniazdo ul. Wrzosowa 28a"]
[Date "2014-08-01"]
[Round "10.83"]
[White "Larysz, Anna"]
[Black "Kotula, Magdalena"]
[Result "1/2-1/2"]
[WhiteTitle "I"]
[BlackTitle "I+"]
[WhiteElo "1575"]
[BlackElo "1613"]

1. d4 Nf6 2. c4 g6 3. Nc3 Bg7 4. e4 d6 5. Nf3 O-O 6. Be2 Nfd7 7. Be3 Nc6 8. O-O
e5 9. d5 Ne7 10. Nd2 f5 11. f3 f4 12. Bf2 g5 13. g4 Rf6 14. h4 gxh4 15. Bxh4 Rh6
16. Qe1 Bf6 17. Bxf6 Nxf6 18. Rf2 Rh3 19. Qf1 Rh4 20. Rg2 Qf8 21. Kf2 Kh8 22.
Qg1 Ne8 23. Bd3 Qh6 24. Ke2 Ng6 25. g5 Qh5 26. Qf2 Bh3 27. Rh2 Qxg5 28. Rg1 Qh6
29. Ke1 Rh5 30. Rgh1 Nf6 31. Bf1 Bxf1 32. Rxh5 Nxh5 33. Nxf1 Qg5 34. Qh2 Nf6 35.
Rg1 Qh4+ 36. Kd2 Qxh2+ 37. Nxh2 a6 38. b4 Rg8 39. a4 Nh4 40. Rxg8+ Kxg8 41. c5
h5 42. a5 Kf7 43. c6 bxc6 44. dxc6 Ng6 45. b5 Ne7 46. bxa6 Nxc6 47. Nb5 Nd7 48.
a7 Nxa7 49. Nxa7 Nc5 50. Nc6 Ke6 51. Kc3 Kd7 52. Nb4 c6 53. a6 Kc7 54. a7 Na4+
55. Kd2 Nb6 56. Ke2 Kb7 57. Nf1 c5 58. Nc2 Kxa7 59. Nd2 d5 60. exd5 Nxd5 61. Na3
1/2-1/2

[Event "DRUZYNOWE MISTRZOSTWA POLSKI JUNIOROW - II LIGA"]
[Site "Szczyrk, CKiR Orle Gniazdo ul. Wrzosowa 28a"]
[Date "2014-08-01"]
[Round "10.84"]
[White "Gredka, Dominika"]
[Black "Wagner, Klaudia"]
[Result "1/2-1/2"]
[WhiteTitle "I"]
[BlackTitle "II"]
[WhiteElo "1491"]
[BlackElo "1230"]

1. e4 e6 2. d4 d5 3. e5 c5 4. c3 Nc6 5. Nf3 Qb6 6. Bd3 cxd4 7. cxd4 Bd7 8. O-O
Nxd4 9. Ng5 Ne7 10. Be3 Nec6 11. Nd2 Bc5 12. b4 Nxb4 13. Rb1 Qc7 14. Bxd4 Nxd3
15. Bxc5 Nxc5 16. Qe2 a6 17. Rfc1 Bb5 18. Qe3 Rc8 19. Nb3 b6 20. Rc3 Bc4 21. Rbc1
Qb8 22. Nxc5 bxc5 23. Qf4 Rc7 24. Rf3 Qb7 25. Rh3 h6 26. a3 Rf8 27. Nf3 f6 28.
Qg4 Rff7 29. Qxe6+ Rce7 30. Qg4 fxe5 31. Qh5 Kd8 32. Nxe5 Qb2 33. Nxf7+ Rxf7 34.
Qd1 Rxf2 35. Rxc4 Rxg2+ 36. Kh1 Rd2 37. Qf1 dxc4 38. Qf8+ Kd7 39. Qf7+ Kd8 40.
Qf8+ Kd7 41. Qf7+ Kd8 42. Qf8+ Kd7 1/2-1/2

[Event "DRUZYNOWE MISTRZOSTWA POLSKI JUNIOROW - II LIGA"]
[Site "Szczyrk, CKiR Orle Gniazdo ul. Wrzosowa 28a"]
[Date "2014-08-01"]
[Round "10.85"]
[White "Slany, Wiktor"]
[Black "Kalmuk, Krzysztof"]
[Result "1/2-1/2"]
[WhiteTitle "II+"]
[BlackTitle "I"]
[WhiteElo "1737"]
[BlackElo "1934"]

1. e4 c5 2. Nf3 e6 3. d4 cxd4 4. Nxd4 a6 5. Bd3 Nf6 6. O-O Qc7 7. Qe2 d6 8. c4
Be7 9. Nc3 b6 10. Be3 Bb7 11. f4 h5 12. h3 Nbd7 13. b4 g6 14. Rac1 h4 15. f5 gxf5
16. exf5 e5 17. Nd5 Qd8 18. Ne6 fxe6 19. fxe6 Bxd5 20. exd7+ Qxd7 21. cxd5 Qb7
22. Bg6+ Kf8 23. Qg4 Kg7 24. Rxf6 Bxf6 25. Bf5+ Kf8 26. Be6 Qg7 27. Rf1 Ke8 28.
Qxg7 Bxg7 29. Rf7 Bf8 30. Bxb6 Rb8 31. Ba5 Be7 32. Rf3 Bd8 33. Bxd8 Kxd8 34. a3
a5 35. bxa5 Ra8 36. Rc3 Rf8 37. Rc6 Rxa5 38. Rxd6+ Ke7 39. Rd7+ Kf6 40. Rh7 Kg5
41. Rg7+ Kh6 42. Rg4 Rf4 43. Rxf4 exf4 44. Kf2 Rxa3 45. Bg4 Kg5 1/2-1/2

[Event "DRUZYNOWE MISTRZOSTWA POLSKI JUNIOROW - II LIGA"]
[Site "Szczyrk, CKiR Orle Gniazdo ul. Wrzosowa 28a"]
[Date "2014-08-01"]
[Round "10.86"]
[White "Sendobry, Adam"]
[Black "Blaszczak, Jedrzej"]
[Result "0-1"]
[WhiteTitle "II"]
[BlackTitle "II"]
[WhiteElo "1417"]
[BlackElo "1569"]

1. e4 d6 2. d4 Nf6 3. Nc3 c6 4. f4 Qa5 5. Bd3 e5 6. dxe5 dxe5 7. f5 Bb4 8. Bd2
Nbd7 9. a3 Be7 10. Nf3 Qc7 11. h3 Nc5 12. Be3 g6 13. g4 gxf5 14. gxf5 Rg8 15.
Kf2 Bxf5 16. exf5 e4 17. Rg1 O-O-O 18. b4 Nxd3+ 19. cxd3 exf3 20. Kxf3 Qe5 21.
Qc2 Qxf5+ 22. Ke2 Qxh3 23. b5 Rg2+ 24. Rxg2 Qxg2+ 25. Kd1 Qf3+ 26. Ne2 Qxe3 27.
Nc1 Qg1+ 0-1

[Event "DRUZYNOWE MISTRZOSTWA POLSKI JUNIOROW - II LIGA"]
[Site "Szczyrk, CKiR Orle Gniazdo ul. Wrzosowa 28a"]
[Date "2014-08-01"]
[Round "10.87"]
[White "Burzak, Wojciech"]
[Black "Koszewski, Daniel"]
[Result "1/2-1/2"]
[WhiteTitle "II"]
[BlackTitle "II"]
[WhiteElo "1401"]
[BlackElo "1511"]

1. e4 c6 2. d4 d5 3. exd5 cxd5 4. Bd3 Nc6 5. c3 Nf6 6. Bf4 Bg4 7. Nf3 e6 8. Qb3
Qc8 9. Nbd2 Be7 10. O-O O-O 11. Rfe1 a6 12. Ne5 Nxe5 13. Bxe5 Bh5 14. Rac1 b5
15. h3 Nd7 16. g4 Bg6 17. Bxg6 hxg6 18. Nf3 Qc4 19. Qxc4 bxc4 20. Re2 Ra7 21.
Bf4 Rb7 22. Rcc2 a5 23. Kf1 a4 24. Ke1 Rc8 25. Bc1 Bd6 26. Ne5 Bxe5 27. dxe5 Nc5
28. Kd1 Nd3 29. h4 Rcb8 30. f4 Kf8 31. Rh2 Ke7 32. Rce2 Nxc1 33. Kxc1 Rh8 34.
Re3 Rbb8 35. Kc2 Rbd8 36. Rf3 Rdg8 37. Kd2 Rb8 38. Ke3 Rb5 39. Kd4 Rb7 40. Kc5
Rc8+ 1/2-1/2

[Event "DRUZYNOWE MISTRZOSTWA POLSKI JUNIOROW - II LIGA"]
[Site "Szczyrk, CKiR Orle Gniazdo ul. Wrzosowa 28a"]
[Date "2014-08-01"]
[Round "10.89"]
[White "Kubicka, Anna"]
[Black "Sendobry, Anna"]
[Result "1/2-1/2"]
[WhiteTitle "I++"]
[BlackTitle "II"]
[WhiteElo "1760"]
[BlackElo "1368"]

1. e4 e5 2. Bc4 Bc5 3. Nf3 Nc6 4. c3 Nf6 5. d3 h6 6. Nbd2 O-O 7. O-O d6 8. h3 Be6
9. Bb3 Qd7 10. Re1 Rfe8 11. Nf1 d5 12. exd5 Bxd5 13. Bxd5 Nxd5 14. Qc2 Rad8 15.
b4 Bd6 16. a3 Qf5 17. Ng3 Qg6 18. c4 Nf4 19. Bxf4 exf4 20. Ne4 Be5 21. Rad1 Nd4
22. Nxd4 Bxd4 23. Nd2 Rxe1+ 24. Rxe1 Bf6 25. Re4 Qf5 26. Nf3 g5 27. d4 Kh7 28.
d5 Re8 29. Re2 Qxc2 30. Rxc2 Re4 31. c5 Be7 32. Rd2 Bd8 33. d6 cxd6 34. cxd6 Re6
35. Kf1 Kg6 36. Rd5 Kf6 37. d7 Re7 38. h4 Ke6 39. Rb5 Rxd7 40. hxg5 hxg5 41. Nxg5+
Bxg5 42. Rxg5 Rd3 43. Ra5 a6 44. Ke2 Rb3 45. Kd1 Rb2 46. Ke1 Rc2 47. a4 Rb2 48.
b5 axb5 49. axb5 b6 50. Ra4 Ke5 51. Ra7 f6 52. Re7+ Kf5 53. Rh7 Kg6 1/2-1/2

[Event "DRUZYNOWE MISTRZOSTWA POLSKI JUNIOROW - II LIGA"]
[Site "Szczyrk, CKiR Orle Gniazdo ul. Wrzosowa 28a"]
[Date "2014-08-01"]
[Round "10.90"]
[White "Kulpa, Zuzanna"]
[Black "Gil, Oliwia"]
[Result "1-0"]
[WhiteTitle "I"]
[BlackTitle "II"]
[WhiteElo "1435"]
[BlackElo "1307"]

1. e4 e5 2. d4 exd4 3. Qxd4 Nc6 4. Qe3 Be7 5. Bd2 d6 6. Nc3 Nf6 7. O-O-O Be6 8.
f4 Bg4 9. Nf3 Qd7 10. Be1 O-O-O 11. Bb5 a6 12. Ne5 Qe8 13. Bxc6 bxc6 14. Nxg4
Nxg4 15. Qa7 Kd7 16. Qxa6 Ra8 17. Qe2 Nh6 18. Bf2 f6 19. Rhe1 Kc8 20. Qc4 Bd8
21. h3 Nf7 22. Qe2 Nh6 23. Qf3 Qf7 24. Qd3 Re8 25. a3 Re7 26. Bg3 Qg6 27. Qf3
Rf7 28. f5 Qg5+ 29. Bf4 Qh4 30. Rh1 g6 31. g3 Qh5 32. Qxh5 gxh5 33. Bxh6 Re7 34.
Bf4 Ra5 35. Rhe1 Rd7 36. Rd3 Be7 37. Red1 Rd8 38. Rd4 Re8 39. Ra4 Rxa4 40. Nxa4
Bf8 41. Nc3 Kb7 42. Kb1 Ra8 43. Ka2 Rd8 44. Rd4 d5 45. exd5 cxd5 46. Rxd5 Re8
47. Rd7 Re7 48. Rxe7 Bxe7 49. Nd5 Bd8 50. Kb3 Kc6 51. Nb4+ 1-0

[Event "DRUZYNOWE MISTRZOSTWA POLSKI JUNIOROW - II LIGA"]
[Site "Szczyrk, CKiR Orle Gniazdo ul. Wrzosowa 28a"]
[Date "2014-08-01"]
[Round "10.91"]
[White "Ruttar, Lukasz"]
[Black "Koitka, Jakub"]
[Result "0-1"]
[WhiteTitle "II"]
[BlackTitle "I+"]
[WhiteElo "1507"]
[BlackElo "1994"]

1. e4 c5 2. Nf3 Nc6 3. d4 cxd4 4. Nxd4 Nf6 5. Nc3 d6 6. Be2 g6 7. Be3 Bg7 8. O-O
O-O 9. Nb3 Be6 10. f3 Qc8 11. Qd2 Rd8 12. Rfd1 d5 13. exd5 Nxd5 14. Nxd5 Rxd5
15. Qc1 Rxd1+ 16. Bxd1 Qc7 17. Bf4 Qb6+ 18. Kh1 Qf2 19. Qe3 Qf1+ 20. Qg1 Qxg1+
21. Kxg1 Bxb2 22. Rb1 Bf6 23. a3 Rd8 24. Kf1 Bf5 25. g4 Rxd1+ 26. Rxd1 Bxc2 27.
Rd7 Bxb3 28. Rxb7 Bd5 29. Kf2 Kf8 30. Be3 Ke8 31. g5 Be5 32. f4 Bd6 33. a4 Kd8
34. Rb1 Bc7 35. h4 e6 36. Ke2 a5 37. Bd2 Bb3 38. Rc1 Bxa4 0-1

[Event "DRUZYNOWE MISTRZOSTWA POLSKI JUNIOROW - II LIGA"]
[Site "Szczyrk, CKiR Orle Gniazdo ul. Wrzosowa 28a"]
[Date "2014-08-01"]
[Round "10.92"]
[White "Witczak, Jakub"]
[Black "Zarnowski, Krzysztof"]
[Result "0-1"]
[WhiteTitle "I"]
[BlackTitle "I+"]
[WhiteElo "1828"]
[BlackElo "1906"]

1. e4 c5 2. Nf3 e6 3. d4 cxd4 4. Nxd4 a6 5. Bd3 Nf6 6. O-O Qc7 7. Nc3 Be7 8. Kh1
O-O 9. f4 d6 10. Qe2 Nbd7 11. g4 b5 12. g5 b4 13. Nd1 Ne8 14. Bd2 Qb6 15. Nf3
Nc5 16. Ne3 Bb7 17. Nc4 Qc7 18. Bxb4 d5 19. Bxc5 dxc4 20. Bxc4 Bxc5 21. e5 Qc6
22. Bd3 Nc7 23. Rae1 Nd5 24. Be4 Qb6 25. Nd2 Ne3 26. Rf3 Nf5 27. c3 Nd4 0-1

[Event "DRUZYNOWE MISTRZOSTWA POLSKI JUNIOROW - II LIGA"]
[Site "Szczyrk, CKiR Orle Gniazdo ul. Wrzosowa 28a"]
[Date "2014-08-01"]
[Round "10.93"]
[White "Swider, Pawel"]
[Black "Koziorowicz, Michal"]
[Result "1/2-1/2"]
[WhiteTitle "II"]
[BlackTitle "II"]
[WhiteElo "1400"]
[BlackElo "1406"]

1. d4 d5 2. c4 e6 3. Nc3 Nf6 4. Bg5 Nbd7 5. e3 c6 6. Nf3 Qa5 7. Bxf6 Nxf6 8. Qc2
Ne4 9. Bd3 Nxc3 10. bxc3 Bd6 11. O-O dxc4 12. Bxc4 O-O 13. Bd3 h6 14. e4 e5 15.
Nd2 exd4 16. cxd4 Bf4 17. Nf3 Bg4 18. Qc5 Qxc5 19. dxc5 Bxf3 20. gxf3 Rfd8 21.
Rfd1 Rd4 22. Be2 Rad8 23. Rxd4 Rxd4 24. Rd1 Rxd1+ 25. Bxd1 Be5 26. f4 Bxf4 27.
Bg4 b6 28. Bd7 bxc5 29. Bxc6 c4 30. h3 c3 31. Ba4 Kh7 32. Kg2 Kg6 33. Kf3 Be5
34. Kg4 h5+ 35. Kf3 Kg5 36. Bc2 h4 37. Bb1 Kf6 38. Ke3 g5 39. f3 Bc7 40. Kd4 Bb6+
41. Kd5 1/2-1/2

[Event "DRUZYNOWE MISTRZOSTWA POLSKI JUNIOROW - II LIGA"]
[Site "Szczyrk, CKiR Orle Gniazdo ul. Wrzosowa 28a"]
[Date "2014-08-01"]
[Round "10.95"]
[White "Ziemba, Magdalena"]
[Black "Kaniowska, Anna"]
[Result "1-0"]
[WhiteTitle "I"]
[BlackTitle "II+"]
[WhiteElo "1589"]
[BlackElo "1363"]

1. d4 d5 2. c4 e6 3. Nc3 Nf6 4. Nf3 Be7 5. e3 O-O 6. b3 b6 7. cxd5 Nxd5 8. Nxd5
Qxd5 9. Qc2 c5 10. Bc4 Qc6 11. Bb2 Bb7 12. dxc5 Qxc5 13. Bd4 Qb4+ 14. Bc3 Qc5
15. Qb2 g6 16. Bg7 Rd8 17. Bh8 Bf8 18. Bf6 Re8 19. Rc1 Qd6 20. Rd1 Qc7 21. Ne5
Nc6 22. Bb5 a6 23. Bxc6 Bxc6 24. Ng4 Bb4+ 25. Kf1 Bf8 26. Be5 Qb7 27. Nf6+ Kg7
28. Nxe8+ Kh6 29. Bf4+ Kh5 30. Nf6+ Kh4 31. f3 Bb5+ 32. Kg1 g5 33. Qf2# 1-0

[Event "DRUZYNOWE MISTRZOSTWA POLSKI JUNIOROW - II LIGA"]
[Site "Szczyrk, CKiR Orle Gniazdo ul. Wrzosowa 28a"]
[Date "2014-08-01"]
[Round "10.96"]
[White "Zalucka, Emilia"]
[Black "Pedrak, Paulina"]
[Result "0-1"]
[WhiteTitle "II"]
[BlackTitle "I"]
[WhiteElo "1159"]
[BlackElo "1395"]

1. e4 c5 2. Nf3 e6 3. d4 cxd4 4. Nxd4 a6 5. Bd3 Qc7 6. Be3 Nf6 7. f4 Bc5 8. Qf3
Qb6 9. c3 Nc6 10. Nc2 Bxe3 11. Qxe3 Qc7 12. O-O O-O 13. Kh1 b5 14. a3 Bb7 15.
Nd2 Rad8 16. Qh3 h6 17. Qf3 e5 18. Rae1 Rfe8 19. Ne3 exf4 20. Qxf4 Qxf4 21. Rxf4
d5 22. Rf2 d4 23. cxd4 Rxd4 24. Bc2 Ne5 25. Nf5 Rd7 26. Ree2 Rc8 27. Nf3 Nxf3
28. gxf3 Nh5 29. Rg2 Nf4 30. Rxg7+ Kh8 31. Rf2 Rdc7 32. Bd1 Rc1 33. Rd2 Nh3 34.
Kg2 Ng5 35. h4 Nxe4 36. Rd7 Nf6 37. Rdxf7 Rxd1 38. Rxf6 Rc2+ 39. Kh3 Rh1+ 40.
Kg4 Rg1+ 41. Kf4 Rxg7 42. Rxh6+ Rh7 43. Rg6 Rf2 44. Ne7 Rxe7 0-1

[Event "DRUZYNOWE MISTRZOSTWA POLSKI JUNIOROW - II LIGA"]
[Site "Szczyrk, CKiR Orle Gniazdo ul. Wrzosowa 28a"]
[Date "2014-08-01"]
[Round "10.97"]
[White "Nun, Grzegorz"]
[Black "Gladysz, Jakub"]
[Result "1/2-1/2"]
[WhiteTitle "I"]
[BlackTitle "I"]
[WhiteElo "1907"]
[BlackElo "1789"]

1. e4 c5 2. Nf3 e6 3. Nc3 a6 4. g3 Nc6 5. Bg2 g6 6. O-O Bg7 7. d3 Nge7 8. Re1 d6
9. Be3 Qc7 10. Qd2 O-O 11. Bh6 e5 12. Bxg7 Kxg7 13. Ne2 b5 14. c3 Bb7 15. g4 Nd8
16. Qe3 Ne6 17. d4 c4 18. d5 Nc5 19. Rf1 f6 20. Rab1 a5 21. Ne1 b4 22. f4 b3 23.
a3 Ba6 24. f5 g5 25. h4 h6 26. hxg5 hxg5 27. Nf3 Rh8 28. Nxg5 fxg5 29. f6+ Kg6
30. fxe7 Qxe7 31. Ng3 Nd3 32. Nh5 Nf4 33. Bf3 Qa7 34. Qxa7 Rxa7 35. Nxf4+ gxf4
36. Kg2 Rah7 37. Rh1 Rxh1 38. Rxh1 Rxh1 39. Kxh1 a4 40. Kg2 Kg5 1/2-1/2

[Event "DRUZYNOWE MISTRZOSTWA POLSKI JUNIOROW - II LIGA"]
[Site "Szczyrk, CKiR Orle Gniazdo ul. Wrzosowa 28a"]
[Date "2014-08-01"]
[Round "10.98"]
[White "Wilk, Tomasz"]
[Black "Czerniawski, Krzysztof"]
[Result "1-0"]
[WhiteTitle "I"]
[BlackTitle "I"]
[WhiteElo "1767"]
[BlackElo "1761"]

1. d4 Nf6 2. Nf3 g6 3. c4 Bg7 4. g3 O-O 5. Bg2 d6 6. O-O c5 7. d5 Na6 8. Nc3 Nc7
9. a4 Rb8 10. h3 a6 11. a5 b5 12. axb6 Rxb6 13. Ne1 e5 14. Nd3 Nh5 15. Bd2 f5
16. e4 Nf6 17. Na4 Rb8 18. Ba5 Nxe4 19. Ndxc5 dxc5 20. Bxe4 Qd6 21. Bxc7 Qxc7
22. d6 Qd8 23. Bc6 Qf6 24. Nxc5 Rb6 25. Bd5+ Kh8 26. d7 Rxb2 27. dxc8=Q Rxc8 28.
Rxa6 Qe7 29. Ne6 Bf6 30. Qa4 e4 31. Ra7 Qd6 32. Rd7 Qb6 33. c5 Qb8 34. Ra7 Bh4
35. Rxh7+ Kxh7 36. Qd7+ 1-0

[Event "DRUZYNOWE MISTRZOSTWA POLSKI JUNIOROW - II LIGA"]
[Site "Szczyrk, CKiR Orle Gniazdo ul. Wrzosowa 28a"]
[Date "2014-08-01"]
[Round "10.99"]
[White "Fudalej, Slawomir"]
[Black "Zak, Piotr"]
[Result "1-0"]
[WhiteTitle "I"]
[BlackTitle "II"]
[WhiteElo "1615"]
[BlackElo "1328"]

1. e4 e5 2. Nf3 Nc6 3. Bb5 d6 4. d4 exd4 5. Qxd4 Bd7 6. Bxc6 Bxc6 7. Nc3 Nf6 8.
Bg5 Be7 9. O-O O-O 10. Rfe1 Nd7 11. Bxe7 Qxe7 12. Nd5 Qd8 13. Re3 Bxd5 14. exd5
Qf6 15. Qb4 Rab8 16. Rae1 Nb6 17. c4 h6 18. Re7 Rfc8 19. a4 Qf4 20. R7e4 Qf6 21.
Re7 Qf4 22. R1e4 Qf6 23. a5 Na8 24. Nd4 a6 25. g4 g6 26. Qd2 b6 27. Nc6 Rb7 28.
Re8+ Rxe8 29. Rxe8+ Kg7 30. Rxa8 bxa5 31. Rb8 Rb6 32. Rxb6 cxb6 33. Qd4 a4 34.
Qxf6+ Kxf6 35. f4 h5 36. h3 Kg7 37. Kf2 hxg4 38. hxg4 g5 39. f5 f6 40. Nb8 b5
41. Nxa6 bxc4 42. Ke3 1-0

[Event "DRUZYNOWE MISTRZOSTWA POLSKI JUNIOROW - II LIGA"]
[Site "Szczyrk, CKiR Orle Gniazdo ul. Wrzosowa 28a"]
[Date "2014-08-01"]
[Round "10.100"]
[White "Bober, Tomasz"]
[Black "Maciak, Jakub"]
[Result "1/2-1/2"]
[WhiteTitle "II"]
[BlackTitle "II"]
[WhiteElo "1161"]
[BlackElo "1280"]

1. d4 Nf6 2. c4 e6 3. Nc3 b6 4. e4 d6 5. f3 Bb7 6. Bd3 Be7 7. Nge2 Nbd7 8. Be3
O-O 9. O-O Rc8 10. Rc1 e5 11. d5 Re8 12. Ng3 Nf8 13. Qd2 c6 14. Nf5 cxd5 15. cxd5
a6 16. Kh1 b5 17. Ne2 Qd7 18. Nxe7+ Qxe7 19. Ng3 Ng6 20. Nf5 Qd7 21. Bh6 Rxc1
22. Rxc1 Nh5 23. g3 f6 24. Be3 Rc8 25. Rxc8+ Bxc8 26. Qb4 Ne7 27. Qxd6 Nxf5 28.
Qxd7 Nfxg3+ 29. hxg3 Bxd7 30. Kh2 g6 31. a4 Kf7 32. Bc5 Ke8 33. Bd6 Kf7 34. f4
exf4 35. gxf4 Ke8 36. Be2 bxa4 37. Bxh5 gxh5 38. e5 fxe5 39. fxe5 Bb5 40. Bc5
Bc4 41. d6 Kd7 42. Kg3 Ke6 43. Bd4 Be2 44. Kh4 Bf3 45. Kg5 Be2 46. Kh6 Bf3 1/2-1/2

[Event "DRUZYNOWE MISTRZOSTWA POLSKI JUNIOROW - II LIGA"]
[Site "Szczyrk, CKiR Orle Gniazdo ul. Wrzosowa 28a"]
[Date "2014-08-01"]
[Round "10.102"]
[White "Jurkiewicz, Zuzanna"]
[Black "Raczykowska, Paulina"]
[Result "0-1"]
[WhiteTitle "I"]
[BlackTitle "II+"]
[WhiteElo "1442"]
[BlackElo "1242"]

1. d4 d5 2. c4 e6 3. Nc3 Nf6 4. Bg5 Be7 5. Nf3 O-O 6. e3 h6 7. Bh4 b6 8. Be2 Bb7
9. O-O Nbd7 10. a3 c5 11. Rc1 Rc8 12. cxd5 Nxd5 13. Bxe7 Nxe7 14. Nb5 Ra8 15.
Nd6 Bc6 16. dxc5 Nxc5 17. Ne5 Ba4 18. b3 Bxb3 19. Qd4 f6 20. Nec4 Ba4 21. Qb2
b5 22. Nxb5 Rb8 23. Ncd6 Qxd6 24. Qb4 Bxb5 25. Bxb5 Rfc8 26. Rfd1 Qe5 27. Qa5
Ne4 28. Rxc8+ Rxc8 29. Qxa7 Nc3 30. Rf1 Qxb5 31. Qxe7 Re8 32. Qd6 Ne2+ 33. Kh1
Nd4 34. Kg1 Nc2 35. h3 Qa4 36. Qc5 Nxa3 37. Ra1 Ra8 38. Qe7 Ra6 39. Qd8+ Kh7 40.
Qd3+ f5 41. Qc3 Ra7 42. Qd3 Qa6 43. Qb3 Qd6 44. Kh1 Ra6 45. Kg1 Qc6 46. Kh2 Nb5
47. Rd1 Ra3 48. Qb4 Rc3 49. Rb1 Nc7 50. Ra1 Rc2 51. Qf4 Nd5 52. Qg3 Qc7 53. Qxc7
Nxc7 54. Kg3 Kg6 55. Ra7 Kf6 56. Ra5 Nd5 57. Kf3 Rc3 58. Ke2 f4 59. e4 Rc2+ 60.
Kd1 Nb4 61. Rb5 Rb2 62. f3 Nd3 63. Rxb2 Nxb2+ 64. Ke2 Ke5 65. Kf2 Kd4 66. g3 g5
67. g4 Kd3 68. e5 Kd2 0-1

[Event "DRUZYNOWE MISTRZOSTWA POLSKI JUNIOROW - II LIGA"]
[Site "Szczyrk, CKiR Orle Gniazdo ul. Wrzosowa 28a"]
[Date "2014-08-01"]
[Round "10.103"]
[White "Rudecki, Bartosz"]
[Black "Niedbala, Wojciech"]
[Result "0-1"]
[WhiteTitle "II+"]
[BlackTitle "I"]
[WhiteElo "1578"]
[BlackElo "1851"]

1. e4 c5 2. Nf3 d6 3. d4 cxd4 4. Nxd4 Nf6 5. Nc3 a6 6. f3 e5 7. Nb3 Be6 8. Nd5
Bxd5 9. exd5 Be7 10. Be3 Nbd7 11. Be2 O-O 12. O-O Rc8 13. c4 Nh5 14. Rc1 Bg5 15.
Bxg5 Qxg5 16. Qd2 Qxd2 17. Nxd2 Nf4 18. Kf2 f5 19. g3 Ng6 20. b4 Ne7 21. Nb3 g6
22. Na5 b6 23. Nb3 Kf7 24. a4 Rc7 25. a5 bxa5 26. Nxa5 Kf6 27. c5 Nxd5 28. Rfd1
Nxb4 29. Rxd6+ Ke7 30. Rc4 Nxc5 31. Rb6 Nd5 32. Rc6 Ne6 33. Rxa6 Rfc8 34. Rxc7+
Ndxc7 35. Nc6+ Kf6 36. Ra5 Nd5 37. Na7 Rc5 38. Rxc5 Nxc5 39. Nb5 Ne6 40. Bc4 Ndc7
41. Nc3 Nd4 42. Ke3 Nc2+ 43. Kd2 Nb4 44. Ke3 Ne6 45. Ne2 Nc2+ 46. Kd2 Ncd4 47.
Ke3 Nxe2 48. Bxe2 Nc5 49. Bc4 h6 50. Bb5 Kg5 51. Be2 f4+ 52. Kf2 Kf5 53. Bb5 Ke6
54. Kg2 Kd5 55. Kh3 Kd4 56. Kg4 Ne6 57. Bd7 Nf8 58. Bc6 Ke3 59. gxf4 exf4 60.
Be4 Nd7 61. Kh3 Ne5 62. Kg2 g5 63. Bb7 Nd3 64. Kf1 Ne5 65. Kg2 Ng6 66. Kh3 h5
67. Bd5 Ne5 68. Kg2 Ke2 69. Be4 Ke3 70. Bd5 g4 71. fxg4 hxg4 72. h3 g3 73. h4
Ng6 74. h5 Nh4+ 75. Kh3 Nf5 76. Kg4 Nh6+ 77. Kh3 Kf2 78. Bc6 f3 79. Bxf3 Kxf3
80. Kh4 0-1

[Event "DRUZYNOWE MISTRZOSTWA POLSKI JUNIOROW - II LIGA"]
[Site "Szczyrk, CKiR Orle Gniazdo ul. Wrzosowa 28a"]
[Date "2014-08-01"]
[Round "10.104"]
[White "Wojciechowski, Antoni"]
[Black "Gajewski, Marcin"]
[Result "1-0"]
[WhiteTitle "II+"]
[BlackTitle "II"]
[WhiteElo "1529"]
[BlackElo "1415"]

1. d4 Nf6 2. c4 g6 3. Nc3 d5 4. Nf3 Bg7 5. Qb3 dxc4 6. Qxc4 O-O 7. Bf4 Na6 8. a3
Nd7 9. Nd5 Nb6 10. Nxb6 axb6 11. Be5 Be6 12. Qc3 Bxe5 13. Nxe5 c5 14. Nf3 Rc8
15. e3 Qc7 16. Rc1 Rfd8 17. Be2 Nb8 18. O-O Bg4 19. Rfd1 Nd7 20. h3 Bxf3 21. Bxf3
e5 22. dxe5 Nxe5 23. Bxb7 Rb8 24. Be4 Qe7 25. Qb3 Nd7 26. Bc6 Ne5 27. Rxd8+ Qxd8
28. Rd1 Qc7 29. Bb5 c4 30. Qc3 Qc5 31. a4 g5 32. Rd4 Rc8 33. Ba6 Rc7 34. Rd8+
Kg7 35. Qd4 Qxd4 36. Rxd4 Nd3 37. Rxc4 Rxc4 38. Bxc4 Nxb2 39. Bb5 Nd1 40. Kf1
Nc3 41. Ke1 Kf6 42. Kd2 Ne4+ 43. Ke2 Nc5 44. Kf3 h6 45. Kg4 Kg6 46. Bc6 h5+ 47.
Kg3 Kf5 48. h4 f6 49. hxg5 fxg5 50. Be8 h4+ 51. Kf3 g4+ 52. Ke2 h3 53. gxh3 gxh3
54. Kf3 Kg5 55. Bc6 Nd3 56. Kg3 h2 57. f4+ Kf5 58. Kxh2 Nxf4 59. exf4 Kxf4 60.
Kg2 Kf5 61. Kf3 Ke5 62. Ke3 Kd6 63. Bb5 Kd5 64. Kd3 Ke5 65. Kc4 Ke6 66. Be8 1-0